Spots or Stripes? Quiz Stats

 Plays Quiz Updated Jun 22, 2018

Challenge
Share
Tweet
Embed
Score 0/18 Timer 03:00
1 Play Today
Question Answer Wrong Answers
Dalmatian Spots
92.3%
Stripes
1.3%
Zebra Stripes
91.1%
Spots
2.4%
Leopard Spots
89.5%
Stripes
3.9%
Cheetah Spots
87.7%
Stripes
5.9%
Raccoon Stripes
86.6%
Spots
7%
Jaguar Spots
84.5%
Stripes
8.9%
Chipmunk Stripes
74%
Spots
19.5%
Lionfish Stripes
73.5%
Spots
19.9%
Okapi Stripes
70.3%
Spots
23.1%
Laughing Hyena Spots
68.7%
Stripes
24.9%
Lynx Spots
64.8%
Stripes
28.9%
Kudu Stripes
62.1%
Spots
31.1%
Appaloosa Spots
61.6%
Stripes
32%
Pietrain Pig Spots
60.6%
Stripes
32.8%
Helmeted Guineafowl Spots
57.5%
Stripes
35.7%
Aardwolf Stripes
57.5%
Spots
35.9%
Numbat Stripes
52.7%
Spots
40.4%
Bongo Stripes
52.4%
Spots
41%

You're not logged in!

Compare scores with friends on all Sporcle quizzes.
Join for Free
OR
Log In

You Might Also Like...

Show Comments

Extras

Top Quizzes Today


Score Distribution

Your Account Isn't Verified!

In order to create a playlist on Sporcle, you need to verify the email address you used during registration. Go to your Sporcle Settings to finish the process.

Report this User

Report this user for behavior that violates our Community Guidelines.

Details: